| 000 | 00692nam a2200241 a 4500 | ||
|---|---|---|---|
| 001 | BRL_248 | ||
| 005 | 20190320210643.0 | ||
| 008 | 080713s1960----mx-a######---#000-0#spa-# | ||
| 041 | _aspa | ||
| 044 | _amx | ||
| 050 | 4 |
_aF1230 _b.C37 1960 |
|
| 100 | 1 |
_aCarrera Stampa, Manuel _918900 |
|
| 245 | 1 | 0 |
_aNuño de Guzmán _cManuel Carrera Stampa. |
| 260 |
_aMéxico _bJus _c1960 |
||
| 300 |
_a63 p. _bil. _c24 cm. |
||
| 440 | 0 |
_aFiguras y episodios de la historia de México _v20 _923350 |
|
| 500 | _aAu264 | ||
| 504 | _aBibliografía : p. 59-62 | ||
| 600 | 1 | 4 |
_aGuzmán, Nuño de _ySiglo XVI _923351 |
| 651 | 4 |
_aMéxico _xHistoria _yConquista, 1519-1540 _9442 |
|
| 902 | _aGRL | ||
| 942 |
_2lcc _cB |
||
| 999 |
_c9061 _d9061 |
||